| 000 | 01208nam a2200385 i 4500 | ||
|---|---|---|---|
| 001 | 991012616779705066 | ||
| 003 | NyNyJPI | ||
| 005 | 20260420162659.0 | ||
| 008 | 000114s1981 pl |000 j pol | ||
| 009 | b0000001341226 | ||
| 015 | _aUWD 1981/5262 | ||
| 020 | _a8311065985 | ||
| 035 | _a991012616779705066 | ||
| 035 | _a(PL-WaBN)b13412267-48omnis_nlop | ||
| 035 | _ab13412267 | ||
| 035 | _a(OCoLC)830942303 | ||
| 035 | _axx003196291 | ||
| 035 | _a(PL)b0000001341226 | ||
| 035 | _a(EXLNZ-48OMNIS_NETWORK)9910047567005606 | ||
| 040 |
_aWA N _cWA N |
||
| 080 | _a884-3 | ||
| 100 | 1 |
_aJanczak, Andrzej Robert _d(1948- ) |
|
| 245 | 1 | 0 |
_a"Zefiry" nad kanałem / _cAndrzej R. Janczak. |
| 260 |
_aWarszawa : _bWydaw. Min. Obrony Narodowej, _c[1981] _e(Warsz : _fWojsZG, _g1981). |
||
| 300 |
_a135, [1] s. ; _c15 cm. |
||
| 336 |
_aTekst _btxt _2rdacontent |
||
| 337 |
_aBez urządzenia pośredniczącego _bn _2rdamedia |
||
| 338 |
_aWolumin _bnc _2rdacarrier |
||
| 380 | _aKsiążki | ||
| 490 | 1 |
_aŻółty Tygrys ; _v8 |
|
| 648 | 7 |
_a1901-2000 _2DBN |
|
| 655 | 7 |
_aOpowiadanie polskie _y20 w. _2DBN |
|
| 830 | 0 |
_aDruga Wojna Światowa: Bohaterowie, Operacje, Kulisy _v8/81 |
|
| 942 |
_2z _cBK _n0 |
||
| 999 |
_c91125 _d91125 |
||